Pôsobenie vonkajších vplyvov na personálnu politiku firmy
Vonkajšie vplyvy a personálna politika firmy. Ekonomika a riadenie štátu. Spoločenské prostredie. Demografické podmienky. Trhy. Konkrétne vlastnícke podmienky. Regionálne prostredie. Technická infraštruktúra. Ekonomická a finančná infraštruktúra. Medzinárodné prostredie. Slovenské špecifiká.
Guardado en:
| Autor principal: | |
|---|---|
| Formato: | Capítulo de libro |
| Lenguaje: | eslovaco |
| Materias: | |
| Etiquetas: |
Sin Etiquetas, Sea el primero en etiquetar este registro!
|
MARC
| LEADER | 00000naa a2200000 4500 | ||
|---|---|---|---|
| 001 | r031302 | ||
| 005 | 20230921083235.8 | ||
| 041 | 0 | |a slo | |
| 044 | |a SK | ||
| 245 | 1 | 0 | |a Pôsobenie vonkajších vplyvov na personálnu politiku firmy |c Juraj Borovský |
| 520 | |a Vonkajšie vplyvy a personálna politika firmy. Ekonomika a riadenie štátu. Spoločenské prostredie. Demografické podmienky. Trhy. Konkrétne vlastnícke podmienky. Regionálne prostredie. Technická infraštruktúra. Ekonomická a finančná infraštruktúra. Medzinárodné prostredie. Slovenské špecifiká. | ||
| 610 | 2 | 0 | |a politika personálna |
| 610 | 2 | 0 | |a firmy |
| 610 | 2 | 0 | |a prostredie ekonomické |
| 610 | 2 | 0 | |a riadenie |
| 610 | 2 | 0 | |a štát |
| 610 | 2 | 0 | |a spoločnosť |
| 610 | 2 | 0 | |a demografia |
| 610 | 2 | 0 | |a vzťahy vlastnícke |
| 610 | 2 | 0 | |a regióny |
| 610 | 2 | 0 | |a infraštruktúra technická |
| 610 | 2 | 0 | |a vzťahy hospodárske medzinárodné |
| 610 | 2 | 0 | |a Slovensko |
| 100 | 1 | |a Borovský, Juraj | |